| 000 | 00755cab a2200205 4500 | ||
|---|---|---|---|
| 001 | X93357 | ||
| 008 | 090401t1998 xxu||||| |||| 00| 0 eng d | ||
| 035 | _a(Sirsi) u87928 | ||
| 041 | _aeng | ||
| 245 | _aWestminster University v Lands Tribunal | ||
| 260 | _c1998 | ||
| 350 | _a0 | ||
| 490 |
_aNew Property Cases _v[1998] NPC 120 (10/7/98) |
||
| 520 | _a"Westminster University v Lands Tribunal" CA 15 July 1998. The powers of the Lands Tribunal under Law of Property Act 1925 s84 are carefully defined. (Taken from journal headnote. Not to be photocopied.) | ||
| 650 | _aLAW OF PROPERTY ACT 1925 S84 | ||
| 650 | _aWESTMINSTER UNIVERSITY V LANDS TRIBUNAL | ||
| 690 | _aPROPERTY LAW AND PRACTICE-CASE LAW | ||
| 942 | _n0 | ||
| 948 | _c10/08/1998 | ||
| 999 |
_c55490 _d55490 |
||